| 000 | 01172 a2200229 4500 | ||
|---|---|---|---|
| 001 | 23737 | ||
| 005 | 20260407155523.0 | ||
| 008 | 260407a1973 arg spa d | ||
| 003 | AR-UNSa-BCEJYS | ||
| 040 |
_aAR-UNSa-BCEJYS _bspa _cAR-UNSa-BCEJYS |
||
| 080 |
_a330 _xEconomía en general |
||
| 245 | 1 | 0 | _aPrácticas de economía positiva |
| 250 | _a9 | ||
| 264 | 1 |
_aBarcelona : _bVicens-Vives _c1973 |
|
| 300 |
_avii, 254 p. _c30 cm. |
||
| 505 | _a1. Introducción - 2. Visión general del sistema de precios - 3. La elasticidad de la demanda y la oferta - 4. Teorías del comportamiento de la económia domestica - 5. Variación del coste segun el output - 6. Competencia entre muchos: competencia monopolistica - 7. Una visión general de la teoria de la distribución - 8. El interes y el rendimiento del capital - 9. El modelo del flujo circular de la renta - 10. Las fluctuaciones del nivel de actividad económica - 11. La demanda de dinero - 12. La experiencia económica internacional - 13. Política macroeconómica. | ||
| 041 | _aspa | ||
| 942 | _cBK | ||
| 590 | _aniveau_biblio:m niveau_hierar:0 | ||
| 100 | 1 | _aStilwell, J.A. | |
| 700 | 1 | _aLipsey, Richard G. | |
| 999 |
_c1126 _d1126 |
||